Compositeurs Dates de naissance et de morts - Statistiques

Statistiques générales
  • Ce quiz a été pris 9 fois
  • Le résultat moyen est 22 sur 143
Statistiques - réponses
Compositeurs Dates % Correct
Wolfgang Amadeus MOZART 1756-1791
86%
Ludwig van BEETHOVEN 1770-1827
71%
Johann Sebastian BACH 1685-1750
57%
Joseph HAYDN 1732-1809
43%
Franz SCHUBERT 1797-1828
43%
Robert SCHUMANN 1810-1856
43%
Johannes BRAHMS 1833-1897
43%
John ADAMS 1947
43%
Henry PURCELL 1659-1695
29%
Antonio VIVALDI 1678-1741
29%
Hector BERLIOZ 1803-1869
29%
Felix MENDELSSOHN 1809-1847
29%
Frédéric CHOPIN 1810-1849
29%
Franz LISZT 1811-1886
29%
Richard WAGNER 1813-1883
29%
Alexandre BORODINE 1833-1887
29%
Georges BIZET 1838-1875
29%
Gabriel FAURÉ 1845-1924
29%
Claude DEBUSSY 1862-1918
29%
Sergueï RACHAMNINOV 1873-1943
29%
Arnold SCHOENBERG 1874-1951
29%
Maurice RAVEL 1875-1937
29%
Béla BARTÓK 1881-1945
29%
Anton WEBERN 1883-1945
29%
Georges AURIC 1899-1983
29%
Olivier MESSIAEN 1908-1992
29%
Jehan ALAIN 1911-1940
29%
John WILLIAMS 1932
29%
Arvo PÄRT 1935
29%
Steve REICH 1936
29%
Philip GLASS 1937
29%
Hildegard von BINGEN 1098-1179
14%
Claudio MONTEVERDI 1567-1643
14%
Heinrich SCHÜTZ 1585-1672
14%
Louis COUPERIN 1626-1661
14%
Jean-Baptiste LULLY 1632-1687
14%
Marc-Antoine CHARPENTIER 1643-1704
14%
Heinrich Ignaz Franz BIBER 1644-1704
14%
Arcangelo CORELLI 1653-1713
14%
Alessandro SCARLATTI 1660-1725
14%
Élisabeth JACQUET DE LA GUERRE 1665-1729
14%
François COUPERIN 1668-1733
14%
Georg Philipp TELEMANN 1681-1767
14%
Domenico SCARLATTI 1685-1757
14%
Georg Friedrich HAENDEL 1685-1759
14%
Giovanni Battista PERGOLESI 1710-1736
14%
Carl Philipp Emanuel BACH 1714-1788
14%
Antonio SALIERI 1750-1825
14%
Carl Maria von WEBER 1786-1826
14%
Vincezo BELLINI 1801-1835
14%
Louise FARRENC 1804-1875
14%
Fanny MENDELSSOHN 1805-1847
14%
Giuseppe VERDI 1813-1901
14%
Charles GOUNOD 1818-1893
14%
Clara SCHUMANN 1819-1896
14%
César FRANCK 1822-1890
14%
Bedřich SMETANA 1824-1884
14%
Anton BRUCKNER 1824-1896
14%
César CUI 1835-1918
14%
Camille SAINT-SAËNS 1835-1921
14%
Mili BALAKIREV 1836/7*-1910
14%
Modeste MOUSSORGSKI 1839-1881
14%
Piotr Ilitch TCHAÏKOVSKI 1840-1893
14%
Antonin DVOŘÁK 1841-1904
14%
Edvard GRIEG 1843-1907
14%
Nikolaï RIMSKY-KORSAKOV 1844-1908
14%
Leoš JANÁČEK 1854-1928
14%
Edward ELGAR 1857-1934
14%
Cécile CHAMINADE 1857-1944
14%
Giacomo PUCCINI 1858-1924
14%
Hugo WOLF 1860-1903
14%
Gustav MAHLER 1860-1911
14%
Richard STRAUSS 1864-1949
14%
Jean SIBELIUS 1865-1957
14%
Erik SATIE 1866-1925
14%
Amy BEACH 1867-1944
14%
Alexandre SCRIABINE 1871/2*-1915
14%
Gustav HOLST 1874-1834
14%
Reynaldo HAHN 1874-1947
14%
Charles IVES 1874-1954
14%
Igor STRAVINSKY 1882-1971
14%
Edgar(d) VARÈSE 1883-1965
14%
Alban BERG 1885-1935
14%
Rebecca CLARKE 1886-1979
14%
Nadia BOULANGER 1887-1979
14%
Louis DUREY 1888-1979
14%
Sergueï PROKOFIEV 1891-1953
14%
Arthur HONEGGER 1892-1955
14%
Darius MILHAUD 1892-1974
14%
Germaine TAILLEFERRE 1892-1983
14%
Lili BOULANGER 1893-1918
14%
George GERSWHIN 1898-1937
14%
Francis POULENC 1899-1963
14%
Aaron COPLAND 1900-1990
14%
Franz WAXMAN 1906-1967
14%
Dmitri CHOSTAKOVITCH 1906-1975
14%
Gian Carlo MENOTTI 1911-2007
14%
John CAGE 1912-1992
14%
Benjamin BRITTEN 1913-1976
14%
Leonard BENRSTEIN 1918-1990
14%
Galina OUSTVOLSKAÏA 1919-2006
14%
Iannis XENAKIS 1922-2001
14%
Pierre BOULEZ 1925-2016
14%
Betsy JOLAS 1926
14%
Ennio MORRICONE 1928-2020
14%
Sofia GOUBAÏDOULINA 1931-2025
14%
LÉONIN ca.1150-ca.1210
14%
PÉROTIN ca.1160-ca.1230
14%
Guillaume de MACHAUT ca.1300-ca.1377
14%
Josquin DES PRÉS ca.1440~55-1521
14%
Giovanni Pierluigi da PALESTRINA ca.1525-1594
14%
Roland DE LASSUS ca.1532-1594
14%
Guillaume DUFAY 1397-1474
0%
Barbara STROZZI 1619-1677
0%
Dieterich BUXTEHUDE 1637-1707
0%
Jean-Philippe RAMEAU 1683-1874
0%
Francesco GEMINIANI 1687-1762
0%
Christoph Willibald GLUCK 1714-1887
0%
Luigi CHERUBINI 1760-1842
0%
Hélène DE MONTGEROULT 1764-1836
0%
Niccolò PAGANINI 1782-1840
0%
Giacomo MEYERBEER 1791-1864
0%
Gioac(c)hino ROSSINI 1792-1868
0%
Gaeteno DONIZETTI 1797-1848
0%
Jacques OFFENBACH 1819-1880
0%
Pauline VIERDOT 1821-1910
0%
Édouard LALO 1823-1892
0%
Léo DELIBES 1836-1891
0%
Jules MASSENET 1842-1912
0%
Mel BONIS 1858-1937
0%
Albéric MAGNARD 1865-1914
0%
Carl NIELSEN 1865-1931
0%
Paul DUKAS 1865-1935
0%
Ralph VAUGHAN WILLIAMS 1872-1958
0%
Manuel DE FALLA 1876-1946
0%
Paul HINDEMITH 1895-1963
0%
Grażyna BACEWICZ 1909-1969
0%
Samuel BARBER 1910-1981
0%
Györgi LIGETI 1923-2006
0%
Kaija SAARIAHO 1952-2023
0%
Gilles BINCHOIS ca.1400-1460
0%
Johannes OCKEGHEM ca.1420-1497
0%
William BYRD ca.1539/40-1623
0%
Aucun quiz correspondant
Distribution des résultats
% des personnes avec chaque résultat
Percentile par nombre de réponses
Votre historique - résultats
Vous n’avez pas pris ce quiz